Music Quiz

Random Music or Song Quiz

Jobs In Song Lyrics Quiz Stats

 Plays Quiz Updated Apr 13, 2013

Challenge
Share
Tweet
Embed
Score 0/36 Timer 09:00
0 Plays Today
% Correct
postman
81.5%
cowboy
79.6%
waitress
78%
chauffeur
74.2%
secretary
74%
nanny
71.1%
teacher
64.3%
singer
59.8%
doctor
59%
undertaker
55.8%
bartender
55.7%
actress
55.1%
politician
55%
waiter
54.5%
farmer
54.2%
judge
53.5%
barber
52.3%
engineer
51.1%
% Correct
lawyer
49.2%
spy
47.3%
seamstress
45.2%
policeman
44.2%
architect
42.7%
actor
39.9%
preacher
38.9%
artist
37.8%
banker
36.6%
tailor
34.7%
musician
34.7%
drummer
32.5%
psychiatrist
27.5%
fisherman
25.1%
cook
24.5%
clown
22.4%
sailor
20.4%
soldier
16.4%

You're not logged in!

Compare scores with friends on all Sporcle quizzes.
OR
Log In

You Might Also Like...

Show Comments

Extras

Top Quizzes Today


Score Distribution

Your Account Isn't Verified!

In order to create a playlist on Sporcle, you need to verify the email address you used during registration. Go to your Sporcle Settings to finish the process.

Report this User

Report this user for behavior that violates our Community Guidelines.

Details: